Statistiques concernant A qui est la carrière - Facile

Cliquez ici pour prendre le quiz!

Statistiques générales

  • Ce quiz a été pris 147 fois
  • Le résultat moyen est 15 sur 16

Statistiques - réponses

Réponse% Correct
Lionel Messi
100%
Kylian Mbappé
99%
Neymar
99%
Cristiano Ronaldo
98%
Erling Haaland
98%
Karim Benzema
98%
Antoine Griezmann
93%
Kevin De Bruyne
92%
Alexandre Lacazette
91%
Robert Lewandowski
91%
Olivier Giroud
90%
Harry Kane
88%
Vinicius Junior
88%
Mohamed Salah
83%
Thibaut Courtois
81%
Antonio Rüdiger
68%

Distribution des résultats

Percentile par nombre de réponses

% des personnes avec chaque résultat

Votre développement - résultats

Vous n’avez pas pris ce quiz